[Event "Southwest op 85th"]
[Site "Irving"]
[Date "2019.08.30"]
[Round "3"]
[White "Javakhadze, Zurab"]
[Black "Kung, Thomas"]
[Result "1/2-1/2"]
[WhiteElo "2441"]
[BlackElo "2197"]
[PlyCount "23"]
[EventDate "2019.08.29"]
[EventType "swiss"]
[EventRounds "9"]
[EventCountry "USA"]
[SourceTitle "EXT 2020"]
[Source "ChessBase"]
[SourceDate "2019.10.17"]
[SourceVersion "1"]
[SourceVersionDate "2019.10.17"]
[SourceQuality "1"]

1. Nf3 d5 2. g3 c6 3. Bg2 Bg4 4. 0-0 Nf6 5. c4 e6 6. cxd5 cxd5 7. b4 Bxf3 8. Bxf3 Bxb4 9. Bb2 0-0 10. d3 Nc6 11. Nd2 Qe7 12. Rb1 1/2-1/2

[Event "USA-ch High School K12"]
[Site "Schaumburg"]
[Date "2019.03.17"]
[Round "6"]
[White "Kung, Thomas"]
[Black "Tiglon, Bryce"]
[Result "0-1"]
[WhiteElo "2182"]
[BlackElo "2390"]
[PlyCount "100"]
[EventDate "2019.03.15"]
[EventType "swiss"]
[EventRounds "7"]
[EventCountry "USA"]
[SourceTitle "CBM 189 Extra"]
[Source "ChessBase"]
[SourceDate "2019.06.03"]
[SourceVersion "1"]
[SourceVersionDate "2019.06.03"]
[SourceQuality "1"]

1. e4 c5 2. Nf3 d6 3. d4 cxd4 4. Nxd4 Nf6 5. Nc3 a6 6. Be3 e6 7. f3 b5 8. Qd2 Nbd7 9. g4 h6 10. 0-0-0 b4 11. Nce2 Qc7 12. Ng3 d5 13. Bd3 Nc5 14. Kb1 e5 15. Nb3 d4 16. Bf2 Be6 17. Rc1 Nfd7 18. f4 f6 19. f5 Bf7 20. h4 Na4 21. Qe2 Ndb6 22. Be1 Nc4 23. Bxc4 Bxc4 24. Qf3 a5 25. g5 Nb6 26. gxf6 gxf6 27. Nh5 Qd6 28. Rg1 a4 29. Rg6 Be7 30. Nd2 Bf7 31. Rg7 Bf8 32. Rg6 Be7 33. Nf1 Qc6 34. Rg7 Qc4 35. b3 Qa6 36. Rg2 Rg8 37. Rxg8+ Bxg8 38. Ng7+ Kf8 39. Ne6+ Bxe6 40. fxe6 axb3 41. Qxb3 Qxf1 42. Bxb4 Qc4 43. Bxe7+ Kxe7 44. Rg1 Qxb3+ 45. axb3 Kxe6 46. Rg7 Nd7 47. Rh7 Nc5 48. Rxh6 Nxe4 49. h5 Ng5 50. Rg6 Kf7 0-1

[Event "Dallas UT Fall op"]
[Site "Dallas"]
[Date "2018.11.18"]
[Round "4"]
[White "Javakhadze, Zurab"]
[Black "Kung, Thomas"]
[Result "1-0"]
[WhiteElo "2451"]
[BlackElo "2168"]
[PlyCount "63"]
[EventDate "2018.11.16"]
[EventType "swiss"]
[EventRounds "9"]
[EventCountry "USA"]
[SourceTitle "CBM 187 Extra"]
[Source "ChessBase"]
[SourceDate "2018.11.04"]
[SourceVersion "1"]
[SourceVersionDate "2018.11.04"]
[SourceQuality "1"]

1. Nf3 d5 2. g3 c6 3. Bg2 Nf6 4. 0-0 Bg4 5. d3 Nbd7 6. Nbd2 e5 7. e4 dxe4 8. dxe4 Bc5 9. a4 a5 10. Qe1 Bb6 11. Nc4 Bc7 12. b3 b5 13. Ne3 Bh5 14. Ba3 b4 15. Bb2 0-0 16. Nc4 Qb8 17. Nh4 Re8 18. Nf5 Qa7 19. Kh1 Rad8 20. f4 Qc5 21. h3 exf4 22. gxf4 Bg6 23. Ng3 h5 24. e5 h4 25. Ne2 Nd5 26. Nd4 Nxe5 27. fxe5 Bxe5 28. Nxe5 Nc3 29. Ndxc6 Rd6 30. Bxc3 bxc3 31. Qxh4 Rd2 32. Nxg6 1-0

[Event "North American-ch U20"]
[Site "Irving"]
[Date "2017.09.02"]
[Round "4"]
[White "Guo, Arthur"]
[Black "Kung, Thomas"]
[Result "1-0"]
[WhiteElo "2281"]
[BlackElo "2146"]
[PlyCount "119"]
[EventDate "2017.08.31"]
[EventType "swiss"]
[EventRounds "9"]
[EventCountry "USA"]
[SourceTitle "CBM 180 Extra"]
[Source "ChessBase"]
[SourceDate "2017.10.06"]
[SourceVersion "1"]
[SourceVersionDate "2017.10.06"]
[SourceQuality "1"]

1. b3 e5 2. Bb2 Nc6 3. e3 d5 4. Bb5 Bd6 5. Nf3 Qe7 6. d4 e4 7. Ne5 Qg5 8. g3 Nge7 9. h4 Qf5 10. Nxc6 Nxc6 11. Nc3 Bd7 12. Qd2 0-0-0 13. 0-0-0 h5 14. Na4 Nb8 15. Bf1 Qf6 16. Nc5 Bg4 17. Re1 Nd7 18. b4 Kb8 19. a4 a5 20. Kb1 Rh6 21. c4 dxc4 22. Bxc4 axb4 23. Nxe4 Qg6 24. Bd3 Bf5 25. f3 Nf6 26. Nf2 Bxd3+ 27. Nxd3 Nd5 28. Rhg1 Nc3+ 29. Bxc3 bxc3 30. Qc2 Bxg3 31. Re2 Qd6 32. Qxc3 Bxh4 33. Rb2 Qd5 34. Rxg7 Qxf3 35. Ne5 Qd1+ 36. Qc1 Qxc1+ 37. Kxc1 Rf6 38. Kb1 Kc8 39. Nxf7 Re8 40. Ne5 Rf1+ 41. Ka2 Bf6 42. Rf7 h4 43. Ng4 Re6 44. Rc2 c6 45. d5 Rd6 46. e4 Rf4 47. dxc6 bxc6 48. e5 Bxe5 49. Nxe5 Rxa4+ 50. Kb3 Ra6 51. Rg2 Rd8 52. Rgg7 Kb8 53. Nd7+ Ka8 54. Nc5 Ra5 55. Kb4 Ra1 56. Nd7 Rb1+ 57. Kc5 Rc1+ 58. Kb6 h3 59. Rg3 Rb1+ 60. Kc7 1-0

[Event "North American-ch U20"]
[Site "Irving"]
[Date "2017.08.31"]
[Round "1"]
[White "Kung, Thomas"]
[Black "Hilby, Craig"]
[Result "0-1"]
[WhiteElo "2146"]
[BlackElo "2401"]
[PlyCount "72"]
[EventDate "2017.08.31"]
[EventType "swiss"]
[EventRounds "9"]
[EventCountry "USA"]
[SourceTitle "CBM 180 Extra"]
[Source "ChessBase"]
[SourceDate "2017.10.06"]
[SourceVersion "1"]
[SourceVersionDate "2017.10.06"]
[SourceQuality "1"]

1. e4 e5 2. Nf3 Nc6 3. Nc3 Nf6 4. Bb5 Bd6 5. 0-0 0-0 6. d3 h6 7. a3 Re8 8. Be3 Ng4 9. Bc4 Bf8 10. h3 Nf6 11. b4 d6 12. Ne2 Ne7 13. Ng3 Ng6 14. c3 d5 15. Bb3 c6 16. Qc2 a5 17. Rad1 Qc7 18. Rfe1 Be6 19. d4 Nxe4 20. Nxe4 dxe4 21. Nxe5 Nxe5 22. dxe5 Qxe5 23. Bd4 Bxb3 24. Qxb3 Qe6 25. Qb1 axb4 26. axb4 f5 27. Re3 Bd6 28. Rde1 Bf4 29. R3e2 Bc7 30. Re3 Qg6 31. Qc2 Kh8 32. Kf1 Re6 33. f3 Bf4 34. R3e2 Rae8 35. Be3 exf3 36. gxf3 Rxe3 0-1

[Event "Philadelphia op 11th"]
[Site "Philadelphia"]
[Date "2017.04.13"]
[Round "2"]
[White "Haubro, Martin"]
[Black "Kung, Thomas"]
[Result "1-0"]
[WhiteElo "2355"]
[BlackElo "2103"]
[PlyCount "87"]
[EventDate "2017.04.12"]
[EventType "swiss"]
[EventRounds "9"]
[EventCountry "USA"]
[SourceTitle "EXT 2019"]
[Source "ChessBase"]
[SourceDate "2018.10.10"]
[SourceVersion "1"]
[SourceVersionDate "2018.10.10"]
[SourceQuality "1"]

1. e4 e5 2. Nf3 Nc6 3. Bb5 g6 4. c3 Bg7 5. d4 exd4 6. cxd4 a6 7. Bxc6 dxc6 8. h3 Ne7 9. 0-0 0-0 10. Nc3 h6 11. Bf4 g5 12. Be5 f6 13. Bg3 Kh8 14. Re1 g4 15. hxg4 Bxg4 16. Qd3 Qd7 17. Rad1 Bxf3 18. Qxf3 f5 19. Be5 Bxe5 20. dxe5 Qe6 21. Qh3 Rad8 22. Rxd8 Rxd8 23. Ne2 Kh7 24. f4 Qd7 25. exf5 Nxf5 26. Ng3 Qd4+ 27. Kh2 Nxg3 28. Qxg3 Rg8 29. Qe3 Qxe3 30. Rxe3 Rf8 31. Kg3 Kg6 32. Rd3 Kf5 33. Kf3 Ke6 34. g4 c5 35. Ke4 Rg8 36. Rh3 Rxg4 37. Rxh6+ Kd7 38. Rh7+ Kc6 39. Rh2 b5 40. Kf5 Rg8 41. e6 c4 42. Kf6 Kc5 43. f5 Rd8 44. e7 1-0

[Event "Philadelphia op 11th"]
[Site "Philadelphia"]
[Date "2017.04.13"]
[Round "3"]
[White "Kung, Thomas"]
[Black "Tsay, Vincent"]
[Result "0-1"]
[WhiteElo "2103"]
[BlackElo "1956"]
[PlyCount "70"]
[EventDate "2017.04.12"]
[EventType "swiss"]
[EventRounds "9"]
[EventCountry "USA"]
[SourceTitle "CBM 177 Extra"]
[Source "ChessBase"]
[SourceDate "2017.04.27"]
[SourceVersion "1"]
[SourceVersionDate "2017.04.27"]
[SourceQuality "1"]

1. e4 e6 2. d4 d5 3. Nd2 Nf6 4. e5 Nfd7 5. Bd3 c5 6. c3 Nc6 7. Ne2 cxd4 8. cxd4 f6 9. exf6 Nxf6 10. Nf3 Bd6 11. Bf4 0-0 12. 0-0 Bxf4 13. Nxf4 Qd6 14. Ne2 Bd7 15. Qd2 Rae8 16. Rfe1 Kh8 17. Ng3 e5 18. dxe5 Nxe5 19. Nxe5 Rxe5 20. Rxe5 Qxe5 21. Re1 Qd4 22. Ne2 Qb6 23. Nc3 Ng4 24. Re2 Qd6 25. g3 Ne5 26. Qe3 Nf3+ 27. Kg2 d4 28. Qe4 Ng5 29. Qe5 Bc6+ 30. Kf1 Qxe5 31. Rxe5 Nf3 32. Rh5 dxc3 33. Bxh7 Rf6 34. bxc3 Rh6 35. Bg6 Nxh2+ 0-1